000 00505ntaaa2200193 4500
003 01
005 20251027202150.0
008 0714s1973 ag 01
040 _aAR-BaBN
_bspa
_cAR-BaBN
_eaacr
_dRIC
082 _a265.1000 B879
100 _aBrown, C.C.
_920122
245 _aThe sumpter discussion on the authority for the administration of baptism
250 _a1 ed.
260 _aJoplin, Miss.,
_c1903
300 _a240 p
650 _abautismo
_9285
700 _aPorter, J.J.
_920123
942 _cBK
999 _c16605
_d16605